000 00647cam a2200217 a 4500
001 4019864
005 20180220093404.0
008 980508s1997 njuaf 001 0 eng
010 _a 97075710
020 _a0914168800
040 _aDLC
_cDLC
_dDLC
041 _aeng
080 _a611.00222 NET
082 0 0 _a611.00222 NET
_221
100 1 _a7
101 _aANA
245 1 0 _aAtlas of human anatomy /
_cby Frank H. Netter ; Arthur F. Dalley II, consulting editor.
906 _a7
_bcbc
_corignew
_d2
_eopcn
_f19
_gy-gencatlg
942 _2ddc
_cBK
999 _c42958
_d42958